00874nam a22002057a 450000500170000000800410001702000180005804000070007604100080008308200210009110000140011224500750012625000120020126000400021330000290025336500630028252002750034565000330062070000150065320231123124155.0231118b ||||| |||| 00| 0 eng d a9788173718748 cAL aeng 223a547.05bGUPB aB D Gupta aBasic organometallic chemistryb: concepts syntheses and applications  a2nd ed. aNew DelhibUniversities Pressc2022 axxii,513p.bPBc24x18cm. 2GeneralaABDIb₹806.00c₹d₹1075.00e25%f27/10/2023 aReading books is a kind of enjoyment. Reading books is a good habit. We bring you a different kind of books. You can carry this book wherever you want. It is easy to carry. It can be an ideal gift to yourself and to your loved ones. Care instruction keep away from fire. 2ChemistryaOrganic Chemistry aElias, A J